000 00476nam a2200157 i 4500
001 93066
003 ES-MaACL
005 20230906181123.0
007 t|
008 050407s1957 sp ||||1| spa d
100 1 _aLois Asorey, Baldomero.
_973143
245 1 3 _aLa histamina en el tratamiento de las enfermedades mentales /
_cBaldomero Lois Asorey.
260 _aMadrid :
_bPaz Montalvo,
_c1957.
300 _a212 p. :
_bil. ;
_c21 cm.
852 _aES-MaACL
_jC-12967
_bR.41266
999 _c93066
_d93066